|
|
|
|
| LEADER |
00889nam a2200253 a 4500 |
| 001 |
4507 |
| 003 |
BD-DhAAL |
| 005 |
20150302101910.0 |
| 008 |
150302s2003 enk 001 0 eng |
| 020 |
|
|
|a 1405006773
|
| 040 |
|
|
|a UKM
|c UKM
|d BD-DhAAL
|
| 082 |
0 |
4 |
|a 658.11
|2 21
|
| 100 |
1 |
|
|a Becket, Michael Ivan H.
|9 8910
|
| 245 |
1 |
4 |
|a The Daily Telegraph small business guide to starting your own business /
|c Michael Becket.
|
| 260 |
|
|
|a London :
|b Macmillan,
|c 2003.
|
| 300 |
|
|
|a viii, 285 p. ;
|c 24 cm.
|
| 504 |
|
|
|a Includes bibliographical references and index.
|
| 541 |
|
|
|e 4507
|
| 650 |
|
0 |
|a New business enterprises.
|9 8911
|
| 740 |
0 |
|
|a Daily Telegraph.
|
| 740 |
0 |
|
|a Starting your own business.
|
| 942 |
|
|
|2 ddc
|c BK
|
| 999 |
|
|
|c 33838
|d 33838
|
| 952 |
|
|
|0 0
|1 0
|2 ddc
|4 0
|6 658_110000000000000_BEC
|7 0
|9 52827
|a SCL
|b SCL
|c GEN
|d 2015-03-02
|g 845.00
|l 0
|o 658.11 BEC
|p 3020004507
|r 2015-03-02
|t 1
|w 2015-03-02
|y BK
|